Jodete [juego] /
Guardado en:
| Formato: | Objeto Físico |
|---|---|
| Publicado: |
Argentina :
Nupro,
[200?]
|
| Materias: | |
| Etiquetas: |
Agregar Etiqueta
Sin Etiquetas, Sea el primero en etiquetar este registro!
|
| LEADER | 00660nrm a22001575g 4500 | ||
|---|---|---|---|
| 001 | CEM.cems019244 | ||
| 008 | 130507b200?##################0###0#####d | ||
| 005 | 20220830100535.0 | ||
| 003 | CEMS | ||
| 245 | 0 | 0 | |a Jodete [juego] / |c Nupro |
| 260 | |a Argentina : |b Nupro, |c [200?] | ||
| 300 | |a 1 juego (110 naipes especiales, base plástica) ; en caja 26 x 19 x 7 cm. + manual de instrucciones. | ||
| 500 | |a Para 2 a 8 jugadores a partir de 10 años objetivo: ser el primer jugador en totalizar 600 puntos, desprendiéndose de todos los naipes que se posean en la mano. | ||
| 082 | 0 | 4 | |a J795.4 |
| 653 | |a 1.juegos de cartas | ||
| 859 | |a CEMS |b BIB. CEMS - Ludoteca |h J795.4 |i N929 |p 306.04 |t Ej.1 | ||
